Warhammer 40K Legions By Strength - Statistics

General Stats
  • This quiz has been taken 236 times
  • The average score is 7 of 18
Answer Stats
Space Marines Legion % Correct
250,000 Ultramarines
99%
200,000 Dark Angels
74%
80,000 Raven Guard
46%
165,000 Iron Warriors
43%
150,000 Sons of Horus
41%
150,000 World Eaters
40%
120,000 Blood Angels
38%
89,000 Salamanders
37%
85,000 Thousand Sons
36%
113,000 Iron Hands
34%
97,500 Space Wolves
34%
95,000 White Scars
33%
95,000 Death Guard
32%
100,000 Imperial Fists
31%
125,000 Word Bearers
31%
135,000 Alpha Legion
30%
110,000 Emperor's Children
28%
105,000 Night Lords
26%
No matching quizzes found
Score Distribution
Percent of People with Each Score
Percentile by Number Answered
Your Score History
You have not taken this quiz